International political theory : (Record no. 21789)

MARC details
000 -LEADER
fixed length control field 01788cam a22002535a 4500
001 - CONTROL NUMBER
control field 18310854
005 - DATE AND TIME OF LATEST TRANSACTION
control field 20201128023740.0
008 - FIXED-LENGTH DATA ELEMENTS--GENERAL INFORMATION
fixed length control field 140922s2015 enk frb 001 0 eng d
020 ## - INTERNATIONAL STANDARD BOOK NUMBER
International Standard Book Number 9780230292048 (pbk.)
040 ## - CATALOGING SOURCE
Original cataloging agency DLC
Language of cataloging eng
Transcribing agency DLC
Modifying agency DLC
-- EG-ScBUE
082 04 - DEWEY DECIMAL CLASSIFICATION NUMBER
Classification number 327.101
Edition number 22
Item number LAN
100 1# - MAIN ENTRY--PERSONAL NAME
Personal name Lang, Anthony F.,
Dates associated with a name 1968-
9 (RLIN) 40043
245 10 - TITLE STATEMENT
Title International political theory :
Remainder of title an introduction /
Statement of responsibility, etc Anthony F. Lang.
260 ## - PUBLICATION, DISTRIBUTION, ETC. (IMPRINT)
Place of publication, distribution, etc London ;
-- New York :
Name of publisher, distributor, etc Palgrave :
-- Macmillan Education,
Date of publication, distribution, etc 2015.
300 ## - PHYSICAL DESCRIPTION
Extent xii, 234 p. ;
Dimensions 24 cm.
500 ## - GENERAL NOTE
General note Index : p. 231-234.
504 ## - BIBLIOGRAPHY, ETC. NOTE
Bibliography, etc Bibliography : p. 201-230.
505 8# - FORMATTED CONTENTS NOTE
Formatted contents note Machine generated contents note: -- 1. Introduction -- 2. Authority -- 3. Rules and Laws -- 4. Rights and Responsibilities -- 5. Wealth -- 6. Violence -- 7. Nature -- 8. Belief -- 9. Conclusion.
520 ## - SUMMARY, ETC.
Summary, etc "This innovative text explores international relations with the tools of political theory. In so doing, it contributes to and advances the idea of international political theory. The book focuses on four key concepts - authority, rules, rights, and responsibilities - and four important topics - wealth, violence, nature and belief. In each of these areas, the book draws on key figures in political theory to explore, explain and evaluate the current global order. Chapters address such contested issues as humanitarian intervention, LGBT rights, climate change, and our collective responsibilities for alleviating global poverty. The book invites students into a conversation about international political theory, one that will help orient them in an increasingly complicated and pluralist international order. "--
650 #7 - SUBJECT ADDED ENTRY--TOPICAL TERM
Topical term or geographic name as entry element International relations
General subdivision Philosophy.
Source of heading or term BUEsh
9 (RLIN) 2834
651 ## - SUBJECT ADDED ENTRY--GEOGRAPHIC NAME
Source of heading or term BUEsh
653 ## - INDEX TERM--UNCONTROLLED
Resource For college BAEPS, Political Science
Arrived date list May2016
942 ## - ADDED ENTRY ELEMENTS (KOHA)
Source of classification or shelving scheme Dewey Decimal Classification
Holdings
Withdrawn status Item status Source of classification or shelving scheme Damaged status Not for loan Vendor Home library Current library Shelving location Date acquired Source of acquisition Cost, normal purchase price Serial Enumeration / chronology Total Checkouts Full call number Barcode Date last seen Cost, replacement price Koha item type
    Dewey Decimal Classification     Alahram Central Library Central Library First floor 22/05/2016 Purchase 299.00 2   327.101 LAN 000032551 15/07/2025 373.75 Book - Borrowing